000 00452pab a2200181 454500
008 180718b2010 xxu||||| |||| 00| 0 eng d
100 _aHibbert, Paul
245 _aThe past in play: tradition in the structures of collaboration
260 _c2010
300 _ap.525-54.
362 _aMay
650 _aCollaborations
650 _aOrganizations
700 _aHuxsham, Chris
773 _aOrganization Studies
908 _aN
909 _a87285
999 _c87285
_d87285